[Event "Hennebont Grand Prix"]
[Site "Hennebont"]
[Date "2006.08.06"]
[Round "4"]
[White "Ben Khelil, Mehdi"]
[Black "Bourgois, Bastien"]
[Result "0-1"]
[WhiteElo "1580"]
[BlackElo "1960"]
[PlyCount "82"]
[EventDate "2006.08.05"]
[EventType "swiss"]
[EventRounds "7"]
[EventCountry "FRA"]
[SourceTitle "EXT 2007"]
[Source "ChessBase"]
[SourceDate "2006.11.23"]
[SourceVersion "1"]
[SourceVersionDate "2006.11.23"]
[SourceQuality "1"]

1. e4 c6 2. Nc3 e5 3. Nf3 d6 4. a4 Be6 5. b3 Be7 6. Bb2 Nd7 7. h3 h6 8. Qe2 a6 9. d4 Bf6 10. d5 cxd5 11. exd5 Bf5 12. Nd4 Bh7 13. g3 Ne7 14. Nf3 Rc8 15. Ne4 Bxe4 16. Qxe4 Qa5+ 17. c3 Qxd5 18. Qb4 Qxf3 19. Rg1 Qc6 20. Bg2 Qb6 21. Qa3 Nc5 22. b4 Nd3+ 23. Ke2 Nxb2 24. Qxb2 0-0 25. Rad1 Rfd8 26. Ke1 e4 27. Rc1 Nd5 28. a5 Bxc3+ 29. Rxc3 Qxb4 30. Qxb4 Nxb4 31. Rb3 Rc1+ 32. Ke2 Rxg1 33. Bxe4 Nc6 34. Rxb7 Nxa5 35. Rb6 d5 36. Bd3 Nc4 37. Rxa6 Re8+ 38. Kf3 Ne5+ 39. Kf4 Nxd3+ 40. Kf3 Rf1 41. Kg4 Rxf2 0-1

[Event "Hennebont Grand Prix"]
[Site "Hennebont"]
[Date "2006.08.05"]
[Round "1"]
[White "Le Pen, Steven"]
[Black "Ben Khelil, Mehdi"]
[Result "1-0"]
[WhiteElo "1380"]
[BlackElo "1580"]
[PlyCount "49"]
[EventDate "2006.08.05"]
[EventType "swiss"]
[EventRounds "7"]
[EventCountry "FRA"]
[SourceTitle "EXT 2007"]
[Source "ChessBase"]
[SourceDate "2006.11.23"]
[SourceVersion "1"]
[SourceVersionDate "2006.11.23"]
[SourceQuality "1"]

1. e4 e5 2. f4 exf4 3. d4 Qh4+ 4. g3 fxg3 5. Kd2 d5 6. Nf3 Bb4+ 7. c3 Qf4+ 8. Kc2 g2 9. Bxf4 gxh1Q 10. Bb5+ c6 11. Qxh1 dxe4 12. cxb4 exf3 13. Bd3 Nd7 14. Qxf3 Ngf6 15. Bd6 Nf8 16. Qe3+ Ne6 17. Nc3 Ng4 18. Qg3 h5 19. Re1 Kd8 20. Bc5 b6 21. Qd6+ Bd7 22. Qe7+ Kc8 23. Ba6+ Kb8 24. Qxd7 Nd8 25. Bd6# 1-0